000 00573nam a2200181Ia 4500
008 090124s9999 xx 000 0 und d
082 _b22220
100 _aघाणेकर प्र. के.
245 _a चला जरा भटकला
250 _a0
260 _bप्रसाद प्रकाशन
_c1984
300 _a107
600 _aघाणेकर प्र. के.
630 _a चला जरा भटकला
700 _aघाणेकर प्र. के.
730 _a चला जरा भटकला
942 _cBOOK
999 _c92710
_d92710